TV To-Do Lists II Quiz Stats

 Plays Quiz Updated Sep 6, 2017

Also try: TV To-Do Lists
Challenge
Share
Tweet
Score 0/15 Timer 06:00
3 Plays Today
% Correct
Popeye
92.4%
Game of Thrones
91.3%
LOST
89.7%
Sesame Street
89.2%
Friends
88.9%
Star Trek
85.8%
Seinfeld
75.1%
Parks and Recreation
70%
% Correct
South Park
63.6%
Daredevil
59%
Family Guy
58.6%
Criminal Minds
41.4%
Rick and Morty
32.4%
Archer
19.3%
The Fairly OddParents
14.5%

You're not logged in!

Compare scores with friends on all Sporcle quizzes.
Join for Free
OR
Log In

You Might Also Like...

Show Comments

Extras

Top Quizzes Today


Score Distribution

Your Account Isn't Verified!

In order to create a playlist on Sporcle, you need to verify the email address you used during registration. Go to your Sporcle Settings to finish the process.

Report this User

Report this user for behavior that violates our Community Guidelines.

Details: